000 00259nam a22001097a 4500
008 170124b xxu||||| |||| 00| 0 eng d
020 _a9780781786430
041 _aeng
080 _25TH
_a618.2
245 _aCOMMUNITY AS PARTNER
_cANDERSON, E.T
942 _2udc
_cBK
999 _c3487
_d3487